| 000 | 00806nam a2200289Ia 4500 | ||
|---|---|---|---|
| 005 | 20260429112026.0 | ||
| 008 | 260429s9999||||xx |||||||||||||| ||und|| | ||
| 020 | _a9781032626611 | ||
| 041 | _aEnglish | ||
| 082 |
_a363.348 _bFIT |
||
| 100 | _aFitz Gerald, Gerry | ||
| 245 | 0 |
_aDisaster health management : _ba primer for students and practitioners / _cGerry Fitz Gerald |
|
| 250 | _a2nd ed. | ||
| 260 |
_aUnited Kingdom : _bRoutledge, _c2024. |
||
| 300 | _axxx, 398 p.; hb | ||
| 650 | _a Disasters | ||
| 650 | _a Health management | ||
| 650 | _aSocial problems | ||
| 700 | _a Aitken, Peter | ||
| 700 | _a Burns, Penelope | ||
| 700 | _a Fredriksen, Marie | ||
| 700 | _a Myers, Colin | ||
| 700 | _a Pizzino, Stacey | ||
| 700 | _a Ryan, Ben | ||
| 700 | _a Tarrant, Mike | ||
| 942 | _cTB | ||
| 999 |
_c51956 _d51956 |
||